Academy Award Nominees for Best Supporting Actor - Statistics

General Stats
  • This quiz has been taken 285 times
    34 since last reset
  • The average score is 113 of 430
Answer Stats
Year Film Actor % Correct
2019 Once Upon a Time in Hollywood Brad Pitt
85%
1997 Good Will Hunting Robin Williams
77%
Daniel Kaluuya
73%
2014 Whiplash J.K. Simmons
73%
1990 Goodfellas Joe Pesci
73%
2018 Green Book Mahershala Ali
73%
2012 Django Unchained Christoph Waltz
69%
2009 Inglourious Basterds Christoph Waltz
69%
2008 The Dark Knight Heath Ledger
69%
2001 The Lord of the Rings: The Fellowship of the Ring Ian McKellen
69%
2005 Brokeback Mountain Jake Gyllenhaal
69%
2007 No Country for Old Men Javier Bardem
69%
2013 The Wolf of Wall Street Jonah Hill
69%
1995 The Usual Suspects Kevin Spacey
69%
2016 Moonlight Mahershala Ali
69%
2008 Tropic Thunder Robert Downey Jr.
69%
Troy Kotsur
69%
2018 BlacKkKlansman Adam Driver
65%
2019 The Irishman Al Pacino
65%
2016 Lion Dev Patel
65%
2005 Syriana George Clooney
65%
1992 A Few Good Men Jack Nicholson
65%
2013 Dallas Buyers Club Jared Leto
65%
2011 Moneyball Jonah Hill
65%
2015 Spotlight Mark Ruffalo
65%
1999 The Cider House Rules Michael Caine
65%
2015 Creed Sylvester Stallone
65%
2017 Three Billboards Outside Ebbing, Missouri Woody Harrelson
65%
2006 Little Miss Sunshine Alan Arkin
62%
1972 The Godfather Al Pacino
62%
2019 The Two Popes Anthony Hopkins
62%
2010 The Fighter Christian Bale
62%
2006 Dreamgirls Eddie Murphy
62%
1994 Forrest Gump Gary Sinise
62%
2010 The King's Speech Geoffrey Rush
62%
1999 The Sixth Sense Haley Joel Osment
62%
1991 City Slickers Jack Palance
62%
2001 Iris Jim Broadbent
62%
2000 Gladiator Joaquin Phoenix
62%
2019 The Irishman Joe Pesci
62%
1999 The Talented Mr. Ripley Jude Law
62%
1993 What's Eating Gilbert Grape Leonardo DiCaprio
62%
2016 Manchester by the Sea Lucas Hedges
62%
2015 Bridge of Spies Mark Rylance
62%
2004 Million Dollar Baby Morgan Freeman
62%
2012 Silver Linings Playbook Robert De Niro
62%
1974 The Godfather Part II Robert De Niro
62%
Sacha Baron Cohen
62%
2017 Three Billboards Outside Ebbing, Missouri Sam Rockwell
62%
1993 The Fugitive Tommy Lee Jones
62%
1997 Boogie Nights Burt Reynolds
58%
1996 Jerry Maguire Cuba Gooding Jr.
58%
1989 Glory Denzel Washington
58%
1983 Terms of Endearment Jack Nicholson
58%
1988 A Fish Called Wanda Kevin Kline
58%
LaKeith Stanfield
58%
2006 The Departed Mark Wahlberg
58%
2009 Invictus Matt Damon
58%
1986 Hannah and Her Sisters Michael Caine
58%
1999 The Green Mile Michael Clarke Duncan
58%
2013 12 Years a Slave Michael Fassbender
58%
1993 Schindler's List Ralph Fiennes
58%
1972 The Godfather Robert Duvall
58%
2018 A Star Is Born Sam Elliott
58%
1994 Pulp Fiction Samuel L. Jackson
58%
2003 Mystic River Tim Robbins
58%
1999 Magnolia Tom Cruise
58%
2019 A Beautiful Day in the Neighborhood Tom Hanks
58%
2015 The Revenant Tom Hardy
58%
1996 Fargo William H. Macy
58%
1977 Star Wars Alec Guinness
54%
1992 Unforgiven Gene Hackman
54%
2010 The Kids Are All Right Mark Ruffalo
54%
2008 Doubt Philip Seymour Hoffman
54%
2018 Can You Ever Forgive Me? Richard E. Grant
54%
2009 The Lovely Bones Stanley Tucci
54%
1995 12 Monkeys Brad Pitt
50%
2007 The Assassination of Jesse James by the Coward Robert Ford Casey Affleck
50%
2017 All the Money in the World Christopher Plummer
50%
2011 Beginners Christopher Plummer
50%
2002 Catch Me If You Can Christopher Walken
50%
1978 The Deer Hunter Christopher Walken
50%
1998 The Truman Show Ed Harris
50%
1972 The Godfather James Caan
50%
Jesse Plemons
50%
J.K. Simmons
50%
2017 The Florida Project Willem Dafoe
50%
2000 Erin Brockovich Albert Finney
46%
1990 Dick Tracy Al Pacino
46%
1990 The Godfather Part III Andy García
46%
2000 Traffic Benicio del Toro
46%
2001 Sexy Beast Ben Kingsley
46%
2013 American Hustle Bradley Cooper
46%
2002 Adaptation Chris Cooper
46%
2015 The Big Short Christian Bale
46%
2004 Closer Clive Owen
46%
1996 Primal Fear Edward Norton
46%
2001 Training Day Ethan Hawke
46%
1969 Easy Rider Jack Nicholson
46%
2004 Collateral Jamie Foxx
46%
2002 Chicago John C. Reilly
46%
2003 The Last Samurai Ken Watanabe
46%
1994 Ed Wood Martin Landau
46%
2005 Crash Matt Dillon
46%
1984 The Karate Kid Pat Morita
46%
2017 The Shape of Water Richard Jenkins
46%
2018 Vice Sam Rockwell
46%
1987 The Untouchables Sean Connery
46%
1980 Ordinary People Timothy Hutton
46%
Ciarán Hinds
42%
2006 Blood Diamond Djimon Hounsou
42%
2014 Birdman or (The Unexpected Virtue of Ignorance) Edward Norton
42%
2014 Boyhood Ethan Hawke
42%
1953 From Here to Eternity Frank Sinatra
42%
1998 Shakespeare in Love Geoffrey Rush
42%
1997 As Good as It Gets Greg Kinnear
42%
1976 All the President's Men Jason Robards
42%
1972 Cabaret Joel Grey
42%
1979 Kramer vs. Kramer Justin Henry
42%
Kodi Smit-McPhee
42%
2014 Foxcatcher Mark Ruffalo
42%
2002 Road to Perdition Paul Newman
42%
2014 The Judge Robert Duvall
42%
2004 Sideways Thomas Haden Church
42%
1986 Platoon Willem Dafoe
42%
2004 The Aviator Alan Alda
38%
1992 Glengarry Glen Ross Al Pacino
38%
1976 Rocky Burgess Meredith
38%
1995 Apollo 13 Ed Harris
38%
1961 West Side Story George Chakiris
38%
1998 Affliction James Coburn
38%
1977 Julia Jason Robards
38%
1992 The Crying Game Jaye Davidson
38%
1980 Ordinary People Judd Hirsch
38%
1982 An Officer and a Gentleman Louis Gossett Jr.
38%
2005 Cinderella Man Paul Giamatti
38%
Paul Raci
38%
2012 The Master Philip Seymour Hoffman
38%
1986 Platoon Tom Berenger
38%
1989 Driving Miss Daisy Dan Aykroyd
35%
1989 Do the Right Thing Danny Aiello
35%
1985 Cocoon Don Ameche
35%
1984 The Killing Fields Haing S. Ngor
35%
1995 Babe James Cromwell
35%
2016 Hell or High Water Jeff Bridges
35%
2008 Milk Josh Brolin
35%
2016 Nocturnal Animals Michael Shannon
35%
2008 Revolutionary Road Michael Shannon
35%
2007 Charlie Wilson's War Philip Seymour Hoffman
35%
2012 Lincoln Tommy Lee Jones
35%
1991 JFK Tommy Lee Jones
35%
2012 Argo Alan Arkin
31%
1987 Broadcast News Albert Brooks
31%
1997 Amistad Anthony Hopkins
31%
1998 A Simple Plan Billy Bob Thornton
31%
1994 Bullets over Broadway Chazz Palminteri
31%
1975 Dog Day Afternoon Chris Sarandon
31%
1968 The Producers Gene Wilder
31%
1990 Dances with Wolves Graham Greene
31%
1981 Reds Jack Nicholson
31%
1971 The Last Picture Show Jeff Bridges
31%
2010 The Town Jeremy Renner
31%
1980 Raging Bull Joe Pesci
31%
2010 Winter's Bone John Hawkes
31%
1951 A Streetcar Named Desire Karl Malden
31%
2011 My Week with Marilyn Kenneth Branagh
31%
Leslie Odom Jr.
31%
1993 In the Name of the Father Pete Postlethwaite
31%
1979 Apocalypse Now Robert Duvall
31%
2013 Captain Phillips Barkhad Abdi
27%
2003 21 Grams Benicio del Toro
27%
1987 Cry Freedom Denzel Washington
27%
2003 In America Djimon Hounsou
27%
1975 The Sunshine Boys George Burns
27%
1967 Cool Hand Luke George Kennedy
27%
1991 Bugsy Harvey Keitel
27%
1981 Chariots of Fire Ian Holm
27%
1968 Oliver! Jack Wild
27%
1981 Arthur John Gielgud
27%
1976 Marathon Man Laurence Olivier
27%
1989 Crimes and Misdemeanors Martin Landau
27%
1962 Lawrence of Arabia Omar Sharif
27%
1977 Equus Peter Firth
27%
1964 Topkapi Peter Ustinov
27%
1988 Running on Empty River Phoenix
27%
1995 Rob Roy Tim Roth
27%
2007 Michael Clayton Tom Wilkinson
27%
1948 The Treasure of the Sierra Madre Walter Huston
27%
2003 The Cooler Alec Baldwin
23%
1952 Viva Zapata! Anthony Quinn
23%
1974 The Towering Inferno Fred Astaire
23%
1967 Bonnie and Clyde Gene Hackman
23%
1966 Who's Afraid of Virginia Woolf? George Segal
23%
2006 Little Children Jackie Earle Haley
23%
1955 Mister Roberts Jack Lemmon
23%
1974 Thunderbolt and Lightfoot Jeff Bridges
23%
1983 Terms of Endearment John Lithgow
23%
1974 The Godfather Part II Lee Strasberg
23%
2011 Extremely Loud & Incredibly Close Max von Sydow
23%
1960 Spartacus Peter Ustinov
23%
1957 Sayonara Red Buttons
23%
1997 Jackie Brown Robert Forster
23%
1982 Victor/Victoria Robert Preston
23%
1954 On the Waterfront Rod Steiger
23%
1955 Rebel Without a Cause Sal Mineo
23%
1966 The Fortune Cookie Walter Matthau
23%
1956 Lust for Life Anthony Quinn
19%
1971 The Last Picture Show Ben Johnson
19%
1975 One Flew Over the Cuckoo's Nest Brad Dourif
19%
1990 Longtime Companion Bruce Davison
19%
1958 The Big Country Burl Ives
19%
1982 The Best Little Whorehouse in Texas Charles Durning
19%
1970 Little Big Man Chief Dan George
19%
2009 The Last Station Christopher Plummer
19%
1986 A Room with a View Denholm Elliott
19%
1956 Bus Stop Don Murray
19%
1969 Bob & Carol & Ted & Alice Elliott Gould
19%
1965 Othello Frank Finlay
19%
1969 They Shoot Horses, Don't They? Gig Young
19%
2007 Into the Wild Hal Holbrook
19%
1978 Heaven Can Wait Jack Warden
19%
1975 Shampoo Jack Warden
19%
1966 Georgy Girl James Mason
19%
2000 The Contender Jeff Bridges
19%
1978 Midnight Express John Hurt
19%
1993 In the Line of Fire John Malkovich
19%
1984 Places in the Heart John Malkovich
19%
1970 Ryan's Daughter John Mills
19%
2001 Ali Jon Voight
19%
1954 On the Waterfront Karl Malden
19%
1989 A Dry White Season Marlon Brando
19%
1967 Bonnie and Clyde Michael J. Pollard
19%
2011 Warrior Nick Nolte
19%
1994 Quiz Show Paul Scofield
19%
1985 Jagged Edge Robert Loggia
19%
1966 A Man for All Seasons Robert Shaw
19%
1964 My Fair Lady Stanley Holloway
19%
1962 Billy Budd Terence Stamp
19%
1936 Come and Get It Walter Brennan
19%
1988 Little Dorrit Alec Guinness
15%
1969 Anne of the Thousand Days Anthony Quayle
15%
1976 Rocky Burt Young
15%
1943 Casablanca Claude Rains
15%
1968 Star! Daniel Massey
15%
2002 The Hours Ed Harris
15%
1947 Miracle on 34th Street Edmund Gwenn
15%
1996 Ghosts of Mississippi James Woods
15%
1967 The Dirty Dozen John Cassavetes
15%
1970 Love Story John Marley
15%
1985 Out of Africa Klaus Maria Brandauer
15%
1979 The Black Stallion Mickey Rooney
15%
1977 The Turning Point Mikhail Baryshnikov
15%
1987 Street Smart Morgan Freeman
15%
1984 Greystoke: The Legend of Tarzan, Lord of the Apes Ralph Richardson
15%
1973 The Last Detail Randy Quaid
15%
1952 My Cousin Rachel Richard Burton
15%
1959 The Young Philadelphians Robert Vaughn
15%
1965 Doctor Zhivago Tom Courtenay
15%
1987 Moonstruck Vincent Gardenia
15%
1940 The Westerner Walter Brennan
15%
1938 Kentucky Walter Brennan
15%
2000 Shadow of the Vampire Willem Dafoe
15%
2005 A History of Violence William Hurt
15%
1944 Going My Way Barry Fitzgerald
12%
1991 Bugsy Ben Kingsley
12%
1978 Coming Home Bruce Dern
12%
1962 Sweet Bird of Youth Ed Begley
12%
1950 Sunset Boulevard Erich von Stroheim
12%
1985 Runaway Train Eric Roberts
12%
1950 All About Eve George Sanders
12%
1959 Ben-Hur Hugh Griffith
12%
1953 Shane Jack Palance
12%
1973 The Paper Chase John Houseman
12%
1954 On the Waterfront Lee J. Cobb
12%
1971 Fiddler on the Roof Leonard Frey
12%
1979 Being There Melvyn Douglas
12%
1991 Barton Fink Michael Lerner
12%
1980 The Great Santini Michael O'Keefe
12%
1974 The Godfather Part II Michael V. Gazzo
12%
1961 Judgment at Nuremberg Montgomery Clift
12%
1976 Network Ned Beatty
12%
1998 A Civil Action Robert Duvall
12%
1971 The French Connection Roy Scheider
12%
1983 The Right Stuff Sam Shepard
12%
1962 Birdman of Alcatraz Telly Savalas
12%
2009 The Messenger Woody Harrelson
12%
1956 Friendly Persuasion Anthony Perkins
8%
1959 Anatomy of a Murder Arthur O'Connell
8%
1953 Shane Brandon deWilde
8%
1967 Guess Who's Coming to Dinner Cecil Kellaway
8%
1943 The More the Merrier Charles Coburn
8%
1983 To Be or Not to Be Charles Durning
8%
1992 Mr. Saturday Night David Paymer
8%
1949 Twelve O'Clock High Dean Jagger
8%
1988 Married to the Mob Dean Stockwell
8%
1986 Hoosiers Dennis Hopper
8%
1941 How Green Was My Valley Donald Crisp
8%
1972 The Heartbreak Kid Eddie Albert
8%
1954 The Barefoot Contessa Edmond O'Brien
8%
1970 I Never Sang for My Father Gene Hackman
8%
1961 The Hustler George C. Scott
8%
1959 Anatomy of a Murder George C. Scott
8%
1946 The Best Years of Our Lives Harold Russell
8%
1965 The Flight of the Phoenix Ian Bannen
8%
1968 The Subject Was Roses Jack Albertson
8%
1973 Save the Tiger Jack Gilford
8%
1961 The Hustler Jackie Gleason
8%
1960 The Apartment Jack Kruschen
8%
1940 The Great Dictator Jack Oakie
8%
1945 A Tree Grows in Brooklyn James Dunn
8%
1982 The Verdict James Mason
8%
1980 Melvin and Howard Jason Robards
8%
1945 The Corn Is Green John Dall
8%
1982 The World According to Garp John Lithgow
8%
1937 The Life of Emile Zola Joseph Schildkraut
8%
1966 The Sand Pebbles Mako
8%
1965 A Thousand Clowns Martin Balsam
8%
1988 Tucker: The Man and His Dream Martin Landau
8%
1977 Julia Maximilian Schell
8%
1963 Hud Melvyn Douglas
8%
1945 Spellbound Michael Chekhov
8%
1936 My Man Godfrey Mischa Auer
8%
1949 The Heiress Ralph Richardson
8%
1978 Comes a Horseman Richard Farnsworth
8%
1971 Sometimes a Great Notion Richard Jaeckel
8%
1947 Kiss of Death Richard Widmark
8%
1945 The Story of G.I. Joe Robert Mitchum
8%
1947 Crossfire Robert Ryan
8%
1956 Written on the Wind Robert Stack
8%
1957 Peyton Place Russ Tamblyn
8%
1960 Exodus Sal Mineo
8%
1957 The Bridge on the River Kwai Sessue Hayakawa
8%
1941 The Maltese Falcon Sydney Greenstreet
8%
1939 Stagecoach Thomas Mitchell
8%
1942 Johnny Eager Van Heflin
8%
1962 What Ever Happened to Baby Jane? Victor Buono
8%
1973 Bang the Drum Slowly Vincent Gardenia
8%
1984 A Soldier's Story Adolph Caesar
4%
1943 For Whom the Bell Tolls Akim Tamiroff
4%
1940 Foreign Correspondent Albert Bassermann
4%
1996 Shine Armin Mueller-Stahl
4%
1952 The Big Sky Arthur Hunnicutt
4%
1957 Peyton Place Arthur Kennedy
4%
1949 Champion Arthur Kennedy
4%
1938 If I Were King Basil Rathbone
4%
1963 Captain Newman, M.D. Bobby Darin
4%
1939 Juarez Brian Aherne
4%
1975 The Day of the Locust Burgess Meredith
4%
1943 The Song of Bernadette Charles Bickford
4%
1941 The Devil and Miss Jones Charles Coburn
4%
1960 The Alamo Chill Wills
4%
1946 Notorious Claude Rains
4%
1944 Mr. Skeffington Claude Rains
4%
1964 Seven Days in May Edmond O'Brien
4%
1950 Mister 880 Edmund Gwenn
4%
1979 The Rose Frederic Forrest
4%
1958 Teacher's Pet Gig Young
4%
1942 Mrs. Miniver Henry Travers
4%
1981 Ragtime Howard Rollins
4%
1963 Tom Jones Hugh Griffith
4%
1981 Only When I Laugh James Coco
4%
1940 The Letter James Stephenson
4%
1949 Battleground James Whitmore
4%
1973 The Exorcist Jason Miller
4%
1950 Broken Arrow Jeff Chandler
4%
1955 Marty Joe Mantell
4%
1938 Four Daughters John Garfield
4%
1964 Becket John Gielgud
4%
1963 The Cardinal John Huston
4%
1949 All the King's Men John Ireland
4%
1948 Joan of Arc José Ferrer
4%
1951 Death of a Salesman Kevin McCarthy
4%
1951 Quo Vadis Leo Genn
4%
1965 Ship of Fools Michael Dunn
4%
1944 Since You Went Away Monty Woolley
4%
1963 Twilight of Honor Nick Adams
4%
1961 Pocketful of Miracles Peter Falk
4%
1951 Quo Vadis Peter Ustinov
4%
1983 Cross Creek Rip Torn
4%
1938 Marie Antoinette Robert Morley
4%
1969 The Reivers Rupert Crosse
4%
1950 The Asphalt Jungle Sam Jaffe
4%
1968 Faces Seymour Cassel
4%
1958 The Defiant Ones Theodore Bikel
4%
1954 The Caine Mutiny Tom Tully
4%
1952 The Quiet Man Victor McLaglen
4%
1941 Sergeant York Walter Brennan
4%
1985 Prizzi's Honor William Hickey
4%
1936 The General Died at Dawn Akim Tamiroff
0%
1958 Some Came Running Arthur Kennedy
0%
1955 Trial Arthur Kennedy
0%
1955 Picnic Arthur O'Connell
0%
1936 Romeo and Juliet Basil Rathbone
0%
1939 Beau Geste Brian Donlevy
0%
1948 The Luck of the Irish Cecil Kellaway
0%
1948 Johnny Belinda Charles Bickford
0%
1947 The Farmer's Daughter Charles Bickford
0%
1946 The Green Years Charles Coburn
0%
1939 Mr. Smith Goes to Washington Claude Rains
0%
1946 The Razor's Edge Clifton Webb
0%
1944 Laura Clifton Webb
0%
1953 Roman Holiday Eddie Albert
0%
1959 The Diary of Anne Frank Ed Wynn
0%
1942 Tortilla Flat Frank Morgan
0%
1938 Algiers Gene Lockhart
0%
1951 Come Fill the Cup Gig Young
0%
1939 Mr. Smith Goes to Washington Harry Carey
0%
1937 Lost Horizon H.B. Warner
0%
1944 The Seventh Cross Hume Cronyn
0%
1952 Sudden Fear Jack Palance
0%
1941 Here Comes Mr. Jordan James Gleason
0%
1945 A Medal for Benny J. Carrol Naish
0%
1943 Sahara J. Carrol Naish
0%
1958 The Brothers Karamazov Lee J. Cobb
0%
1964 The Best Man Lee Tracy
0%
1956 The Bold and the Brave Mickey Rooney
0%
1948 I Remember Mama Oskar Homolka
0%
1960 Murder, Inc. Peter Falk
0%
1937 The Awful Truth Ralph Bellamy
0%
1970 Lovers and Other Strangers Richard S. Castellano
0%
1953 Stalag 17 Robert Strauss
0%
1937 Topper Roland Young
0%
1936 Pigskin Parade Stuart Erwin
0%
1947 Ride the Pink Horse Thomas Gomez
0%
1937 The Hurricane Thomas Mitchell
0%
1957 A Farewell to Arms Vittorio De Sica
0%
1942 Yankee Doodle Dandy Walter Huston
0%
1942 Wake Island William Bendix
0%
1946 The Jolson Story William Demarest
0%
1940 They Knew What They Wanted William Gargan
0%
No matching quizzes found
Score Distribution
Percent of People with Each Score
Percentile by Number Answered
Your Score History
You have not taken this quiz since the last reset